L'érotisme : De l’obscène au sublime (notice n° 2150459)

détails MARC
000 -LEADER
fixed length control field 01245cam a2200133 4500500
005 - DATE AND TIME OF LATEST TRANSACTION
control field 20260405030031.0
041 ## - LANGUAGE CODE
Language code of text/sound track or separate title fre
042 ## - AUTHENTICATION CODE
Authentication code dc
100 10 - MAIN ENTRY--PERSONAL NAME
Personal name Dadoun, Roger
Relator term author
245 00 - TITLE STATEMENT
Title L'érotisme : De l’obscène au sublime
260 ## - PUBLICATION, DISTRIBUTION, ETC.
Name of publisher, distributor, etc. Presses Universitaires de France,<br/>
Date of publication, distribution, etc. 2010.<br/>
520 ## - SUMMARY, ETC.
Summary, etc. L’érotisme expose et fait exploser la sexualité dans toutes ses dimensions, de l’obscène au sublime. Picasso proclame: «l’art et le sexe, c’est la même chose». Duchamp monte d’insolites mises à nu sous le signe de Rrose Sélavy (Éros, c’est la vie). Jérôme Bosch exalte et torture les corps pour composer un art d’aimer édénique. Ingres, Bonnard, Michel-Ange et autres chantent une chair que Schiele décharne jusqu’à l’os et que Klimt couvre d’or…Sade pousse Éros vers l’horreur, Fourier promet un Nouveau monde amoureux où «chacun a raison en amour», Le Surmâle de Jarry brûle d’amour, et Kubrick dit son dernier mot: «Fuck&amp;#8239;!»Des Vénus callipyges aux hardeurs du porno, Roger Dadoun relève le paradoxe d’un érotisme universel qui fait de chaque individu un être unique.
856 41 - ELECTRONIC LOCATION AND ACCESS
Uniform Resource Identifier <a href="https://shs.cairn.info/l-erotisme--9782130583356?lang=fr&redirect-ssocas=7080">https://shs.cairn.info/l-erotisme--9782130583356?lang=fr&redirect-ssocas=7080</a>

Pas d'exemplaire disponible.

PLUDOC

PLUDOC est la plateforme unique et centralisée de gestion des bibliothèques physiques et numériques de Guinée administré par le CEDUST. Elle est la plus grande base de données de ressources documentaires pour les Étudiants, Enseignants chercheurs et Chercheurs de Guinée.

Adresse

627 919 101/664 919 101

25 boulevard du commerce
Kaloum, Conakry, Guinée

Réseaux sociaux

Powered by Netsen Group @ 2025